000 00422nam a22001697a 4500
005 20250521134258.0
008 250521b |||||||| |||| 00| 0 eng d
020 _a9780131912076
050 _aHB172
_bPIN
100 _aPindyck, S. Robert
245 _aMicroeconomics
250 _a6th
260 _aNew Jersey
_bPearson Education
_cc2005
300 _axxix,714p
700 _aRubinfeed, Daniel L.
942 _2lcc
_cBK
_n0
999 _c5896
_d5896